[Event "GER-ch Net Amateur Gr-A Vor3"]
[Site "Playchess.com INT"]
[Date "2020.04.16"]
[Round "9"]
[White "Kilian, Markus"]
[Black "Skoerys, Fabian"]
[Result "0-1"]
[WhiteElo "1947"]
[BlackElo "1817"]
[PlyCount "150"]
[EventDate "2020.04.16"]
[EventType "swiss (blitz)"]
[EventRounds "9"]
[EventCountry "GER"]
[SourceTitle "CBM 195 Extra"]
[Source "ChessBase"]
[SourceDate "2020.05.31"]
[SourceVersion "1"]
[SourceVersionDate "2020.05.31"]
[SourceQuality "1"]

1. d4 d5 2. c4 c6 3. Nf3 Nf6 4. Nc3 g6 5. cxd5 cxd5 6. Bf4 Bg7 7. e3 0-0 8. h3 Nc6 9. Bd3 a6 10. 0-0 b5 11. Ne5 Bb7 12. a4 b4 13. Qb3 Qc8 14. Nxc6 Bxc6 15. Qxb4 Nh5 16. Bh2 e6 17. Qc5 Qd7 18. b4 Rfc8 19. Qd6 Bf8 20. Qxd7 Bxd7 21. Rfc1 Bxb4 22. Ne2 Rxc1+ 23. Rxc1 Bxa4 24. Ra1 Bd7 25. Rxa6 Rxa6 26. Bxa6 Nf6 27. Be5 Ne4 28. f3 Nd2 29. Bd3 Nc4 30. Bf4 Bd2 31. Kf2 f6 32. e4 Bxf4 33. Nxf4 Nd6 34. exd5 exd5 35. Nxd5 Kg7 36. Ke3 Nf5+ 37. Bxf5 Bxf5 38. Kf4 Bb1 39. g3 Kf7 40. h4 Ke6 41. Nc3 Bc2 42. g4 Bd3 43. Ke3 Bc4 44. Ke4 Bb3 45. d5+ Kd6 46. Nb5+ Kc5 47. d6 Bd5+ 48. Kf4 Bc6 49. Nc3 Kxd6 50. Ne4+ Ke6 51. Nc5+ Kd6 52. Ne4+ Ke7 53. Nc5 Kf7 54. Ne4 Bxe4 55. Kxe4 Ke6 56. f4 h6 57. f5+ gxf5+ 58. gxf5+ Kd6 59. Kd4 h5 60. Ke4 Kc5 61. Ke3 Kd5 62. Kf4 Kd4 63. Kf3 Ke5 64. Ke3 Kxf5 65. Kf3 Ke5 66. Ke3 f5 67. Kf3 f4 68. Kf2 Kf5 69. Kf3 Ke5 70. Kf2 Ke4 71. Ke2 f3+ 72. Kf2 Kf4 73. Kf1 Kg3 74. Kg1 Kxh4 75. Kf2 Kg4 0-1

[Event "GER-ch Net Amateur Gr-A Vor3"]
[Site "Playchess.com INT"]
[Date "2020.04.16"]
[Round "4"]
[White "Skoerys, Fabian"]
[Black "Engel, Robert"]
[Result "1-0"]
[WhiteElo "1771"]
[BlackElo "1931"]
[PlyCount "45"]
[EventDate "2020.04.16"]
[EventType "swiss (blitz)"]
[EventRounds "9"]
[EventCountry "GER"]
[SourceTitle "CBM 195 Extra"]
[Source "ChessBase"]
[SourceDate "2020.05.31"]
[SourceVersion "1"]
[SourceVersionDate "2020.05.31"]
[SourceQuality "1"]

1. e4 c5 2. Nf3 d6 3. Bb5+ Nd7 4. 0-0 a6 5. Bxd7+ Bxd7 6. c4 Nf6 7. Nc3 b5 8. cxb5 axb5 9. e5 dxe5 10. Nxe5 b4 11. Ne2 e6 12. d4 Bb5 13. Re1 Bd6 14. Bf4 Nd5 15. dxc5 Bxe2 16. Qxe2 Nxf4 17. Qb5+ Kf8 18. cxd6 Rb8 19. Nd7+ Kg8 20. Qxb8 Qxb8 21. Nxb8 h6 22. d7 Kh7 23. Nc6 1-0

[Event "GER-ch Net Amateur Gr-A Vor2"]
[Site "Playchess.com INT"]
[Date "2020.04.15"]
[Round "2"]
[White "Cofman, Veaceslav"]
[Black "Skoerys, Fabian"]
[Result "1-0"]
[WhiteElo "2171"]
[BlackElo "1743"]
[PlyCount "55"]
[EventDate "2020.04.15"]
[EventType "swiss (blitz)"]
[EventRounds "9"]
[EventCountry "GER"]
[SourceTitle "CBM 196 Extra"]
[Source "ChessBase"]
[SourceDate "2020.07.31"]
[SourceVersion "1"]
[SourceVersionDate "2020.07.31"]
[SourceQuality "1"]

1. d4 d5 2. Nc3 c6 3. e4 dxe4 4. Nxe4 Nf6 5. Nxf6+ exf6 6. Be3 Be7 7. c3 0-0 8. Qc2 Nd7 9. Bd3 g6 10. 0-0-0 Qa5 11. Kb1 Nb6 12. h4 Be6 13. c4 Qb4 14. Rc1 a5 15. Nf3 a4 16. h5 a3 17. b3 f5 18. hxg6 fxg6 19. Bd2 Qd6 20. c5 Qc7 21. cxb6 Qxb6 22. Bc4 Bxc4 23. Qxc4+ Rf7 24. Ne5 Raf8 25. Nxf7 Rxf7 26. Rxh7 Kxh7 27. Qxf7+ Kh8 28. Rh1+ 1-0

[Event "Dortmund Sparkassen op-B 47th"]
[Site "Dortmund"]
[Date "2019.07.21"]
[Round "9"]
[White "Skoerys, Fabian"]
[Black "Slusarski, David"]
[Result "1/2-1/2"]
[WhiteElo "1913"]
[BlackElo "1604"]
[PlyCount "135"]
[EventDate "2019.07.13"]
[EventType "swiss"]
[EventRounds "9"]
[EventCountry "GER"]
[SourceTitle "CBM 192 Extra"]
[Source "Chessbase"]
[SourceDate "2019.11.06"]
[SourceVersion "1"]
[SourceVersionDate "2019.11.06"]
[SourceQuality "1"]

1. e4 c5 2. Nf3 d6 3. Bb5+ Nd7 4. d4 cxd4 5. Qxd4 a6 6. Bxd7+ Bxd7 7. 0-0 Nf6 8. c4 g6 9. Nc3 Bg7 10. Be3 0-0 11. Qd3 Qa5 12. b4 Qc7 13. Rac1 Be6 14. Nd5 Bxd5 15. cxd5 Qd7 16. Rc4 Rfc8 17. Rfc1 Rxc4 18. Qxc4 Ng4 19. Bd4 Bxd4 20. Nxd4 Ne5 21. Qc2 Qd8 22. Qc7 Rb8 23. g3 Kf8 24. Qxd8+ Rxd8 25. Rc7 Rd7 26. Rc8+ Kg7 27. f4 Nd3 28. Rc3 Nb2 29. Kg2 Na4 30. Rc2 Nb6 31. g4 Na8 32. Kf3 Rc7 33. Ke3 Rxc2 34. Nxc2 Nc7 35. a4 h6 36. Kd4 Kf8 37. Ne3 b5 38. a5 Kg7 39. e5 f6 40. Ke4 Kf7 41. exd6 exd6 42. Nc2 Ke7 43. Nd4 Kf7 44. h4 Ke7 45. h5 Kf7 46. hxg6+ Kxg6 47. Nf3 Ne8 48. Nh4+ Kf7 49. Kf5 Ng7+ 50. Ke4 Ne8 51. Nf3 Nc7 52. Nd4 Kg6 53. Ne6 Ne8 54. f5+ Kf7 55. Kf4 Ke7 56. Kg3 Kf7 57. Kh4 Kg8 58. Kh5 Kh7 59. Nf8+ Kg7 60. Ne6+ Kh7 61. Nf8+ Kg7 62. Nd7 Nc7 63. Nb6 Kh7 64. Kh4 Kg7 65. Kh5 Kh7 66. Kh4 Kg7 67. Kh5 Kh7 68. Kh4 1/2-1/2

[Event "Dortmund Sparkassen op-B 47th"]
[Site "Dortmund"]
[Date "2019.07.13"]
[Round "1"]
[White "Werthmann, Niklas"]
[Black "Skoerys, Fabian"]
[Result "0-1"]
[WhiteElo "1675"]
[BlackElo "1913"]
[PlyCount "64"]
[EventDate "2019.07.13"]
[EventType "swiss"]
[EventRounds "9"]
[EventCountry "GER"]
[SourceTitle "CBM 192 Extra"]
[Source "Chessbase"]
[SourceDate "2019.11.06"]
[SourceVersion "1"]
[SourceVersionDate "2019.11.06"]
[SourceQuality "1"]

1. e4 e6 2. b3 d5 3. Bb2 Nf6 4. e5 Nfd7 5. d4 c5 6. c3 Nc6 7. Bd3 Qc7 8. Nf3 cxd4 9. cxd4 Nb4 10. Nc3 Nxd3+ 11. Qxd3 Be7 12. 0-0 0-0 13. Rfc1 Qa5 14. Rc2 Nb8 15. a3 Bd7 16. b4 Qb6 17. Bc1 h6 18. Bf4 Na6 19. Qd2 Rfc8 20. Rb1 Qd8 21. Qd3 b5 22. Rbc1 Qb6 23. Nd2 g5 24. Bg3 Bxb4 25. axb4 Nxb4 26. Qe3 Nxc2 27. Rxc2 b4 28. h4 bxc3 29. hxg5 cxd2 30. Rxd2 Qb1+ 31. Kh2 Rc1 32. Kh3 Qf5+ 0-1